00241nam a2200097Ia 4500008004100000100001600041245002700057260003300084300000800117650001800125191201s2004 xx 000 0 und d aESPELAND, P 0aMaking Every Day Count aN.DelhibDolphin Pressc2004 a382 aGeneral Books